| 000 | 00855nam a22002297a 4500 | ||
|---|---|---|---|
| 008 | 081201t xxu||||| |||| 00| 0 eng d | ||
| 010 | _aENG-91913 | ||
| 020 |
_a9788178803388 _c650.00 |
||
| 035 | _aEN-75446 | ||
| 037 | _bDBAD / PUB | ||
| 040 |
_adpl _bEnglish |
||
| 082 | _a657.48 | ||
| 100 | _aSodhi, Pradeep | ||
| 245 |
_aFinancial accounting / _cby Pradeep Sodhi |
||
| 260 |
_aNew Delhi _bRajat Publications _c2008 |
||
| 270 |
_a4675/21, Ansari Road, Daryaganj, _bNew Delhi _e110002 |
||
| 300 |
_avi, 262p. _c23cm (Hb) |
||
| 500 | _aIncludes bibliographical references and index | ||
| 650 | _aAccounting. | ||
| 942 |
_2ddc _cEN _mSOD _h657.48 |
||
| 999 |
_c19331 _d19331 |
||